| 000 | 00849nam a22002777a 4500 | ||
|---|---|---|---|
| 001 | BR8104092 | ||
| 003 | BR-BrBNA | ||
| 005 | 20230928091008.0 | ||
| 007 | ta | ||
| 008 | 230509b bl.||||| |||| 00| 0 por d | ||
| 040 |
_aBR-BrBNA _bpor _cBiblioteca Nacional de Agricultura |
||
| 041 | _a(Por) | ||
| 072 |
_aE10; E30 _b/G514 |
||
| 090 | _ E10 BR8104092 | ||
| 110 | 1 |
_aSuperintendencia do Desenvolvimento da Regiao Centro-Oeste, Brasilia, DF (Brasil) _910092 |
|
| 245 | 1 |
_aCentro-oeste brasileiro. Credito, financiamentos e incentivos fiscais [Politica agricola] _bv. 9 |
|
| 260 | 3 |
_aBrasilia, DF (Brasil): _c1981. |
|
| 300 | _a53 p. | ||
| 650 | _aPOLITICA AGRICOLA | ||
| 650 | _aCREDITO | ||
| 650 | _aFINANCIAMENTO | ||
| 650 | _aINCENTIVO FISCAL | ||
| 650 | _aREGIAO CENTRO-OESTE | ||
| 909 |
_a202309 _bLucia _c55 _dLucia Elande |
||
| 942 | _cBK | ||
| 999 |
_c31658 _d31658 |
||